College Town Matchup III Quiz Stats

 Plays Quiz Updated Mar 11, 2017

Support Sporcle.
Go Orange.
Score 0/30 Timer 05:00
4 Plays Today
% Correct
Hawaii
95.3%
New Mexico
90%
Iowa
88.2%
George Washington
87.1%
Georgia
86.8%
North Carolina State
86.7%
MIT
86.2%
Pennsylvania
85.3%
Caltech
84.9%
Wisconsin
84.1%
Johns Hopkins
80.9%
Texas Tech
80.8%
Cornell
79.7%
North Carolina A&T
76.8%
Vermont
75.7%
% Correct
Maryland
74.8%
Carnegie Mellon
73.4%
Virginia
71.7%
Butler
71%
Western Kentucky
68.6%
Oklahoma State
67.5%
Missouri
63.1%
Yeshiva
63%
Case Western Reserve
62.6%
Oregon State
59.2%
Washington State
53.9%
North Texas
51.7%
Idaho
50.3%
Tufts
47.5%
Utah State
47.2%

From the Vault

Those 12 Flags: Politicians

by Flick

History 3m
It really helps when they wear the little pin with the flag on it.
Remove Ads.
Support Sporcle.
Get the best of Sporcle when you Go Orange. This ad-free experience offers more features, more stats, and more fun while also helping to support Sporcle. Thank you for becoming a member.

Show Comments

Extras

Top Quizzes Today


Score Distribution

Your Account Isn't Verified!

In order to create a playlist on Sporcle, you need to verify the email address you used during registration. Go to your Sporcle Settings to finish the process.

Report this User

Report this user for behavior that violates our Community Guidelines.

Details: